Laut avo thum/ (Record no. 25401)

000 -LEADER
fixed length control field 00361nam a22001571a 4500
020 ## - INTERNATIONAL STANDARD BOOK NUMBER
ISBN 818688114X
082 ## - DEWEY DECIMAL CLASSIFICATION NUMBER
Classification number H3
Item number PUS/L
100 ## - MAIN ENTRY--AUTHOR NAME
Personal name Pushpa Saxena
245 ## - TITLE STATEMENT
Title Laut avo thum/
Statement of responsibility, etc by Pushpa Saxena
260 ## - PUBLICATION, DISTRIBUTION, ETC. (IMPRINT)
Place of publication Illahabad:
Name of publisher Samridhi,
Year of publication 2006.
300 ## - PHYSICAL DESCRIPTION
Number of Pages 104p.
650 ## - SUBJECT ADDED ENTRY--TOPICAL TERM
Topical Term Novel Hindi
650 ## - SUBJECT ADDED ENTRY--TOPICAL TERM
Topical Term Literature Hindi
650 ## - SUBJECT ADDED ENTRY--TOPICAL TERM
Topical Term Literature
942 ## - ADDED ENTRY ELEMENTS (KOHA)
Koha item type Book
Holdings
Withdrawn status Lost status Damaged status Not for loan Permanent Location Current Location Date acquired Cost, normal purchase price Full call number Accession Number Cost, replacement price Price effective from Koha item type
        Sree Sankaracharya University of Sanskrit Sree Sankaracharya University of Sanskrit 08.01.2015 1250.00 H3 PUS/L 059700 0.00 08.01.2015 Book